| 000 | 00316nam a22001217a 4500 | ||
|---|---|---|---|
| 082 |
_a624.152 _bGRA _cL-13, P-75 |
||
| 100 |
_aGraux, Daniel _942612 |
||
| 245 | _aFoundations et Excavatons Profoundes | ||
| 300 |
_a423P.: _bill.; |
||
| 526 |
_a0 _b0 _c0 _d624_152000000000000_GRA |
||
| 650 |
_aMCE _9379 |
||
| 942 |
_2ddc _cBK |
||
| 999 |
_c546472 _d546472 |
||